|
|
|
|
| LEADER |
01235nam a2200337 4500 |
| 001 |
DLU180183873 |
| 005 |
##20180309 |
| 020 |
# |
# |
|a 9786045394632
|
| 040 |
# |
# |
|a DLU
|b vie
|
| 041 |
# |
# |
|a vie
|
| 044 |
# |
# |
|a vn
|
| 082 |
# |
# |
|a 305.895 922
|b HO-N
|
| 100 |
# |
# |
|a Hoàng Nam.
|
| 245 |
# |
# |
|a Văn hóa dân gian dân tộc Nùng ở Việt Nam /
|c Hoàng Nam, Hoàng Thị Lê Thảo.
|
| 260 |
# |
# |
|a H. :
|b Hội nhà văn,
|c 2017.
|
| 300 |
# |
# |
|a 370 tr. ;
|c 21 cm.
|
| 504 |
# |
# |
|a Tài liệu tham khảo: tr. 356-366.
|
| 505 |
# |
# |
|a Chương 1. Đặc điểm địa lý tự nhiên và lịch sử quan hệ xã hội - Tiền đề văn hóa dân gian dân tộc Nùng -- Chương 2. Tri thức dân gian -- Chương 3. Văn hóa dân gian trong ăn, ở, mặc, đi lại -- Chương 4. Tín ngưỡng tôn giáo - lễ hội -- Chương 5. Nếp sống và phong tục.
|
| 650 |
# |
# |
|a Tày Nùng (Dân tộc Đông Nam Á)
|z Việt Nam
|x Văn hóa dân gian.
|
| 700 |
# |
# |
|a Hoàng Thị Lê Thảo.
|
| 923 |
# |
# |
|a 02/2017
|
| 991 |
# |
# |
|a SH
|
| 992 |
# |
# |
|a 15000
|
| 994 |
# |
# |
|a DLU
|
| 900 |
# |
# |
|a True
|
| 911 |
# |
# |
|a Nguyễn Thanh Hương
|
| 925 |
# |
# |
|a G
|
| 926 |
# |
# |
|a A
|
| 927 |
# |
# |
|a SH
|
| 980 |
# |
# |
|a Thư viện Trường Đại học Đà Lạt
|